Elektronické spracovanie došlých faktúr v spoločnosti U. S. Steel Košice, s.r.o. diplomová práca

Salvato in:
Dettagli Bibliografici
Autore principale: Kozelová, Erika
Ente Autore: Podnikovohospodárska fakulta EU so sídlom v Košiciach. Katedra účtovníctva a financií
Altri autori: Smolnická, Iveta
Natura: Libro
Lingua:slovacco
Pubblicazione: Košice 2010
Tags: Aggiungi Tag
Nessun Tag, puoi essere il primo ad aggiungerne!!

MARC

LEADER 00000nam$a2200000$$$4500
001 0122279
005 20240318122031.6
041 0 |a slo 
044 |a SK 
245 1 0 |a Elektronické spracovanie došlých faktúr v spoločnosti U. S. Steel Košice, s.r.o.  |b diplomová práca  |c Erika Kozelová ; škol. Iveta Smolnická 
264 1 |a Košice  |c 2010 
300 |a 84 s. 
100 1 |a Kozelová, Erika 
700 1 |a Smolnická, Iveta 
710 2 |a Podnikovohospodárska fakulta EU so sídlom v Košiciach. Katedra účtovníctva a financií